Regiones y provincias de España - Estadísticas

Estadísticas generales
  • Esta prueba ha sido intentada 484 veces
  • La puntuación promedio es 38 de 50
Estadísticas de respuestas
Regiones Provincias % Correcto
Madrid Madrid
94%
Cataluña Barcelona
93%
Valencia
93%
Murcia Murcia
90%
Sevilla
89%
Granada
86%
Málaga
86%
Navarra Navarra
85%
Aragon Zaragoza
85%
Asturias Asturias
84%
Galicia La Coruña
84%
La Rioja La Rioja
84%
León
83%
Cantabria Cantabria
82%
Córdoba
82%
Toledo
82%
Cádiz
81%
Alicante
80%
Islas Canarias Las Palmas
79%
Valladolid
79%
Huelva
77%
Tarragona
77%
Girona
76%
Extremadura Badajoz
75%
Lugo
75%
Islas Baleares Islas Baleares
74%
Jaén
74%
Salamanca
74%
Andalucía Almería
73%
Pontevedra
73%
Burgos
72%
Orense
72%
Huesca
71%
Comunidad valenciana Castellón
70%
Lleida
70%
Cáceres
69%
Teruel
69%
Castilla - La Mancha Albacete
68%
Ciudad Real
68%
Segovia
68%
Santa Cruz
67%
Guadalajara
66%
Palencia
66%
Zamora
65%
País Vasco Alava
64%
Castilla y León Avila
64%
Cuenca
64%
Soria
63%
Vizcaya
61%
Guipuzcoa
59%
No se encontraron pruebas coincidentes
Distribución de puntuación
Porcentaje de gente con cada puntuación
Porcentaje por número respondido
Historial de tus puntuaciones
No has intentado esta prueba.